000 00561nam a2200097Ia 4500
008 170517s9999 xx 000 0 und d
245 _aArgentina's Economic Collapse
300 _aAfter many years of apathy in the country, the insurrection exploded. The spontaneous revolt of faceless people meant saucepans were being banged in every neighborhood, all the way to the city's vital centers. What happened to Argentina? How was it possible that in so...
650 _xBusiness and Economics.
856 _uhttp://topdocumentaryfilms.com/argentinas-economic-collapse/
999 _c333228
_d333228